| 000 | 00747nam a2200169Ia 4500 | ||
|---|---|---|---|
| 003 | GCL | ||
| 008 | 140319s9999 xx 000 0 ara d | ||
| 040 |
_aGCL / _cGCL |
||
| 082 | 0 | 4 |
_a842 _bر ن |
| 100 | 1 | _aرزا، ياسمينا | |
| 245 | 1 | 0 |
_aنصوص من المسرح الفرنسى : _bرجال المصادفة - اجتياز الشتاء - محادثات بعد جنازة - فن / _cرزا، ياسمينا |
| 260 |
_aالقاهرة : _bوزارة الثقافة - مهرجان القاهرة الدولى للمسرح التجريبى ، _c1998 |
||
| 300 |
_a432 ص ؛ _c32 سم |
||
| 650 | 0 | 4 | _aالمسرحيات الفرنسية المترجمة |
| 650 | 0 | 4 | _aالمسرحيات الفرنسية - مجموعات |
| 942 |
_2ddc _cBK |
||
| 999 |
_c57284 _d57284 |
||